| 000 | 00397pam a2200157 a 4500 | ||
|---|---|---|---|
| 020 |
_a0-07-060598-X (PAPER) : _c |
||
| 040 | _aBHVP_411030 | ||
| 041 | _aeng | ||
| 082 |
_a512 _bSTE |
||
| 100 | _aSteege, Ray. | ||
| 245 |
_aSchaum`s Outlines Intarmediaate Algebra _hTextual Documents |
||
| 260 |
_aNew Delhi _bTata Mcgraw-Hill _c2005 |
||
| 300 | _a381. | ||
| 700 | _aBailey, Kerry. | ||
| 930 | _a4803 | ||
| 999 |
_c81720 _d81720 |
||